00552pam a2200193 a 4500020003500000082001600035100002500051245001900076250001200095260004100107300002500148500006800173650001700241650001700258650001700275650001700292700002300309700002600332 a0683062050 (pbk. : alk. paper)00a574.192 DAV1 aDavidson, Victor L.,10aBiochemistry / a3rd ed. aPhiladelphia :bHarwal Pub.,cc1994. axv, 584 p. :bill. ; aRev. ed. of: Biochemistry / Ian D.K. Halkerston. 2nd ed. c1988. 0aBiochemistry 0aBiochemsitry 2aBiochemistry 2aBiochemistry1 aSittman, Donald B.1 aHalkerston, Ian D. K.